| 000 | 00892nam a22002297a 4500 | ||
|---|---|---|---|
| 005 | 20161013143942.0 | ||
| 008 | 161013s2009 ck a||||r|||| 00| 0 spa d | ||
| 020 | _a9789588370057 | ||
| 040 |
_aCO-BoIAVH _cCO-BoIAVH |
||
| 041 | 0 | _aspa | |
| 044 | _ack | ||
| 090 |
_aFG- _b0071 |
||
| 245 | 0 | 0 | _aManual para la prevención y control de la erosión en Risaralda / |
| 260 |
_aPereira?, Colombia : _bCarder, _c2009. |
||
| 300 |
_a39 páginas : _bilustraciones (algunas a color) ; _c23 x 16 cm. |
||
| 504 | _aIncluye referencias bibliográficas. | ||
| 650 | 2 | 6 |
_aErosión _zColombia _zRisaralda (Departamento) _vManuales |
| 650 | 2 | 6 |
_aControl de la erosión _zColombia _zRisaralda (Departamento) _vManuales |
| 650 | 2 | 6 |
_aCambio climático _zColombia _zRisaralda (Departamento) |
| 710 | 2 | _aCorporación Autónoma Regional de Risaralda -CARDER | |
| 942 |
_2z _cFolleto |
||
| 999 |
_c19086 _d19086 |
||